00459nam a2200133Ia 4500008004100000041000800041100002900049245006800078260003100146300000800177700002000185999001900205952010100224250110s9999 xx 000 0 und d aeng aDeshpande Nikita9183147 aLandscape Master Plan Proposal For Bidar Fort, Karnataka, India bBNCA M Arch LA, Punec2017 a40p aGuide Name:BNCA c364018d364018 00104070aBNCAbBNCAd2017-05-18l0pBNCA-PR-1518r2025-01-10 00:00:00w2025-01-10yPRzPR1518